[Event "Pan American-ch Hybrid U16 Girls 31st"]
[Site "Tornelo INT"]
[Date "2021.09.04"]
[Round "6"]
[White "Lira, Larissa Morais Nasc"]
[Black "Montoya Alarcon, Elisa Belen"]
[Result "1-0"]
[WhiteElo "1480"]
[BlackElo "1095"]
[PlyCount "87"]
[EventDate "2021.09.04"]
[EventType "swiss"]
[EventRounds "9"]
[EventCountry "NET"]
[SourceTitle "EXT 2023"]
[Source "ChessBase"]
[SourceDate "2022.10.05"]
[SourceVersion "1"]
[SourceVersionDate "2022.10.05"]
[SourceQuality "1"]

1. e4 c5 2. Nf3 e6 3. c4 a6 4. Nc3 b6 5. Be2 Bb7 6. d3 d6 7. 0-0 Nd7 8. b3 Ngf6 9. Bb2 Be7 10. h3 0-0 11. Rb1 Rb8 12. Nd2 Ne8 13. f4 Bh4 14. f5 exf5 15. Rxf5 Ne5 16. Rf1 Bc8 17. Nf3 Qe7 18. Nd5 Qe6 19. Nxh4 Qd7 20. Bxe5 dxe5 21. Bg4 Qd8 22. Bxc8 Qxc8 23. Ne7+ Kh8 24. Nxc8 Rxc8 25. Qe2 Rc6 26. Nf5 Re6 27. Rf2 g6 28. Ne3 Rf6 29. Rbf1 Kg7 30. Nd5 Rd6 31. Rf3 f6 32. Qf2 b5 33. Qxc5 Re6 34. Nc7 Nxc7 35. Qxc7+ Kg8 36. Qd7 Ree8 37. Rxf6 Rd8 38. Rxf8+ Rxf8 39. Qe6+ Kg7 40. Qe7+ Kh6 41. Qxf8+ Kh5 42. Kh2 h6 43. g4+ Kg5 44. Qf6# 1-0

[Event "Pan American-ch Hybrid U16 Girls 31st"]
[Site "Tornelo INT"]
[Date "2021.09.04"]
[Round "2"]
[White "Montoya Alarcon, Elisa Belen"]
[Black "Mollo, Katherine"]
[Result "0-1"]
[WhiteElo "1095"]
[BlackElo "1264"]
[PlyCount "68"]
[EventDate "2021.09.04"]
[EventType "swiss"]
[EventRounds "9"]
[EventCountry "NET"]
[SourceTitle "EXT 2023"]
[Source "ChessBase"]
[SourceDate "2022.10.05"]
[SourceVersion "1"]
[SourceVersionDate "2022.10.05"]
[SourceQuality "1"]

1. d4 d5 2. Bf4 Nf6 3. e3 c5 4. c3 Qb6 5. Na3 c4 6. b3 e6 7. Nf3 Bxa3 8. Rb1 Bd6 9. Ne5 Bxe5 10. dxe5 Ne4 11. Qc2 cxb3 12. Rxb3 Qc7 13. Be2 0-0 14. 0-0 Nc5 15. Rb2 Nbd7 16. c4 dxc4 17. Bxc4 b6 18. h4 Bb7 19. Be2 Be4 20. Qd1 h6 21. Rd2 Rad8 22. Bf3 Bxf3 23. Qxf3 Kh7 24. Qg3 g6 25. Qh2 Ne4 26. Rdd1 Nc3 27. Rd4 Ne2+ 28. Kh1 Nxd4 29. exd4 Qc4 30. Be3 Qxf1+ 31. Qg1 Qxg1+ 32. Kxg1 f6 33. Kh2 fxe5 34. dxe5 Nxe5 0-1